| 000 | 01270nam a2200313 i 4500 | ||
|---|---|---|---|
| 003 | EG-GICUC | ||
| 005 | 20260121101532.0 | ||
| 008 | 251222s2006 ua ||||fr|||| 00| 0 ara d | ||
| 017 | _a200623777 | ||
| 020 | _a9770451096 | ||
| 040 |
_a EG-GICUC _bara _c EG-GICUC _d EG-GICUC _erda |
||
| 041 | 0 | _aara | |
| 082 | 0 | 4 |
_221 _a345.6 _bع ص . ن |
| 092 | 0 | 4 | _221 |
| 099 | _aLaw1 07 345.6 ع ص . ن 2006 | ||
| 100 | 0 |
_aعصمت عبد الله الشيخ _eمؤلف. |
|
| 245 | 1 | 2 |
_aالنظام القانونى لقرارات الوقف الاحتياطى : _bدراسة مقارنة / _cعصمت عبد الله الشيخ. |
| 264 | 1 |
_aالقاهرة : _bدار النهضة العربية، _c2006. |
|
| 300 |
_a147 ؛ صفحة _c24 سم. |
||
| 336 |
_2rda content _atext |
||
| 337 |
_2rda media _aComputer |
||
| 338 |
_2rda carrier _aOnline Resource |
||
| 504 | _aيحتوي على ارجاعات ببليوجرافية يحتوي على قائمة بالمراجع | ||
| 546 | _aالنص أغلبه باللغة العربية مع بعض النصوص الفرنسية | ||
| 650 | 1 | 4 |
_aالقرارت الإدارية _xالقانون الإداري |
| 856 | 4 | 0 | _uhttps://fll.law.cu.edu.eg/fulltext/bks/B07-01527.pdf |
| 905 | _a75 | ||
| 942 |
_2ddc _cBK _e21 _n0 |
||
| 999 |
_c52151 _d52151 |
||